| Tag |
First Indicator |
Second Indicator |
Subfields |
| LEADER |
00000cam a2200000 a 4500 |
| 001 |
in00000758607 |
| 005 |
20151017053638.0 |
| 008 |
871201s1987 okua b 00110 eng |
| 010 |
|
|
|a 87033455
|
| 020 |
|
|
|a 0891813217 :
|c $44.00
|
| 035 |
|
|
|a (OCoLC)17264310
|
| 035 |
|
|
|9 ADL5521AM
|
| 040 |
|
|
|a DLC
|c DLC
|d TXA
|d UtOrBLW
|
| 043 |
|
|
|a u-at---
|
| 049 |
|
|
|a TXAM
|c [A11898950]
|
| 050 |
0 |
0 |
|a QE471.15.E8
|b L64 1987
|
| 082 |
0 |
|
|a 552/.5
|2 19
|
| 100 |
1 |
|
|a Logan, Brian W.
|
| 245 |
1 |
4 |
|a The MacLeod evaporite basin, western Australia ;
|b holocene environments, sediments and geological evolution /
|c by Brian W. Logan.
|
| 264 |
|
1 |
|a Tulsa, Okla, U.S.A. :
|b American Association of Petroleum Geologists,
|c 1987.
|
| 300 |
|
|
|a xi, 140 pages :
|b illustrations (some color) ;
|c 29 cm.
|
| 336 |
|
|
|a text
|b txt
|2 rdacontent
|
| 337 |
|
|
|a unmediated
|b n
|2 rdamedia
|
| 338 |
|
|
|a volume
|b nc
|2 rdacarrier
|
| 490 |
1 |
|
|a AAPG memoir ;
|v 44
|
| 504 |
|
|
|a Bibliography: pages 132-133.
|
| 500 |
|
|
|a Includes index.
|
| 650 |
|
0 |
|a Evaporites
|z Australia
|z MacLeod, Lake, Region (W.A.)
|
| 650 |
|
0 |
|a Geology, Stratigraphic
|y Holocene.
|
| 830 |
|
0 |
|a AAPG memoir ;
|v 44.
|
| 999 |
|
|
|a MARS
|
| 999 |
f |
f |
|s 5470d196-1a3b-368a-9ab0-b76e5e2069ae
|i 2bdaa726-ff6d-3036-9670-b2671bc28a38
|t 0
|
| 952 |
f |
f |
|p ric
|a Texas A&M University
|b Rellis Campus
|c Joint Library Facility
|d Remote Storage
|t 0
|e QE471.15.E8 L64 1987
|h Library of Congress classification
|i unmediated -- volume
|m A14811898950
|
| 998 |
f |
f |
|a QE471.15.E8 L64 1987
|t 0
|l Remote Storage
|